000 01742nam0a2200385 4500
001 RU\NLR\bibl\1457131
005 20260407213425.0
010 _a978-5-904025-11-3
_9350
021 _aRU
_b2009-87966
_95537
035 _a(nilc)RSL-KNO-004405372
035 _a(NLR Aleph) 001448925
090 _a1510577
_c1510577
100 _a20091027d2008 |||y0rusy50 ca
101 0 _arus
102 _aRU
105 _aa |||||||||
200 1 _aМониторинг поверхностных водных объектов. Оценка качества вод
_f[Л.И. Терентьева, А.Н. Баринов, М.И. Зонова и др.]
_gФедер. агентство водных ресурсов (Росводресурсы), Верх.-Волж. бассейновое вод. упр.
210 _aНижний Новгород
_cТипография "Крона-2"
_d2008
215 _a274 с.
_cцв. ил., карт.
_d31
320 _aБиблиогр.: с. 273 (6 назв.)
517 0 _aОценка качества вод
606 1 _aПоверхностные воды
_xМониторинг
_92205124
_3RU\NLR\auth\661324893
606 1 _aПоверхностные воды
_xКачество
_xОценка
_91885874
_3RU\NLR\auth\66857349
686 _aД222,8,0
_2rubbk
686 _aД222в610
686 _aД222.12
702 1 _aТерентьева
_bЛ. И.
_4220
712 0 2 _4570
_aВерхне-Волжское бассейновое водное управление
_9780449
_3RU\NLR\AUTH\8810142916
801 0 _aRU
_bРКП
_c20091027
_grcr
801 1 _aRU
_bРГБ
_c20091027
801 2 _aRU
_bNLR
_c20091224
_grcr
830 _aсост. в кат. нет
942 _cBOOK
980 _aNB